Jeden z Dziesięciu - trudne pytania #02 - Statystyki

Ogólne statystyki
  • Ten quiz został rozwiązany 28 razy
  • Średni wynik to 9 z 20
Statystyki odpowiedzi
Pytania Odpowiedź % Poprawnych
Ile wynosi cosinus 90°? 0
85%
Z ilu dni składał się miesiąc we francuskim kalendarzu rewolucyjnym? z 30 dni
74%
Ile dni ma Prezydent RP na podpisanie lub zawetowanie ustawy uchwalonej przez Sejm? 21 dni
63%
Kim był pisarz Arnold Zweig dla poety Stefana Zweiga? nie byli spokrewnieni
59%
Jaki tytuł nosi trylogia Stiega Larssona, w skład której wchodzą powieści: Mężczyźni, którzy nienawidzą kobiet, Dziewczyna, która igrała z ogniem, Zamek z piasku, który runął? Millenium
56%
Jakie zwierzę było tytułowym Władcą Skalnej Doliny z powieści Jamesa Olivera Curwooda? niedźwiedź grizzly
56%
Jakie imiona noszą zimni ogrodnicy, patronujący odpowiednio 12-emu, 13-emu i 14-emu maja? Pankracy, Serwacy, Bonifacy
56%
Z czego tworzy się tkaninę zwaną korą? z bawełny
56%
Który aktor zagrał tytułową rolę w filmie Korczak z 1990 r. w reżyserii Andrzeja Wajdy? Wojciech Pszoniak
48%
Jak nazywała się zmarła w 2021 r. pierwsza kobieta, która samotnie opłynęła świat? Krystyna Chojnowska-Liskiewicz
44%
Ile waży piłka w piłce nożnej mężczyzn? 410 - 450 gramów
41%
Jak nazywał się amerykański astronom, odkrywca Fobosa i Dejmosa, człowiek, który wyznaczył okres obrotu Saturna? Asaph Hall
41%
Jaki ptak, zgodnie z Księgą V Pana Tadeusza, znajdował się w zegarze na zamku Horeszków? gil
41%
W jakiej dyscyplinie sportowej używane są sztylpy? W jeździe konnej
41%
Co oznacza widoczny na recepcie łaciński zwrot pro auctore? dla wystawiającego
37%
Gdzie w starożytnej Helladzie znajdował się Asklepiejon - sanktuarium boga Asklepiosa? w Epidauros
37%
Jak nazywa się prawosławne nabożeństwo żałobne, odprawiane m.in. w rocznice śmierci, odpowiednik katolickiego requiem? panichida
33%
Jak nazywa się pieczęć zastępującą podpis odręczny? faksymile
30%
Kto namalował obrazy Upadek Ikara, Rewolucja, Wiejskie życie? Marc Chagall
30%
W skład której operetki Johanna Straussa syna wchodzą Kuplety żupana? Baron cygański
22%
Nie znaleziono quizów pasujących do podanych kryteriów
Rozkład punktacji
Procent ludzi z każdym wynikiem
Percentyl według liczby udzielonych odpowiedzi
Twoja historia wyników
Nie rozwiązałeś tego quizu